01014cam a2200289 a 450000100060000000300080000600500170001400800410003102000330007203500190010504000440012404100080016808200250017610000300020124500460023125000120027726000540028930000210034365000310036465000340039565000330042965100380046265500400050094200120054099900170055295201550056913518BD-RjUL20211208235452.0140201s1998 nyu 000 1 eng  a1882593219 (hc : alk. paper) a(BD-RjUL)13569 aDLCcDLCdDLCdOCoLCdDLCdBD-RjULbeng aeng00a813.54221bMOF 19981 aMohin, Ann,d1946-94218214aThe farm she was :ba novel /cAnn Mohin. a1st ed. aBridgehampton, N.Y. :bBridge Works Pub.,cc1998. a245 p. ;c22 cm. 0aFarm lifevFiction.942183 0aSingle womenvFiction.942184 0aOlder womenvFiction.942185 0aNew York (State)vFiction.942186 7aPsychological fiction.2lcsh942845 2ddccBK c13518d13518 00102ddc4071aRUCLbRUCLcReadingd2013-10-31eAmerican Cultural Centre, Dhaka.g0.00l0o813.54 MOF 1998r2014-02-01 00:00:00tC-1w2014-02-01yBK